01340nam a22002897a 4500003000400000005001700004008004100021040002200062082001800084100002500102245003000127260006000157300002100217366000800238490002900246505008500275505027100360505004200631650005500673650004700728650004800775650004300823650004500866650005600911650004700967700003601014OSt20230616095025.0221006b |||||||| |||| 00| 0 eng d cBiblioteca Lado V a709.05bG851a aGriffin, Timeeditor aArtforum/bInternacional/ aNew Yorkc1994bNew York editorial and business offices c26.5x27cma128p. eeng aOctubrev1994x0864-1315 tCOLUMNSaAmerican Myths Glamour Wounds Fashion Agitpop Music Real Life Rock tFEATURESaClair Voyant: Sanit Clair Cemin Carl Barks: Die Stadt der Golden Dacher The Accidental Curator Deviations on a Theme: Paul MacCarthy Being by Numbers Absence Makes the Art: Doris Salcedo His Common Sense: Marcel Duchamp Openings: Inez van Lamsweerde tREVIEWSaFocus: Sense and Sensibility 2Tesauro de Arte & ArquitecturaaARTE COMTEMPORANEO 2Tesauro de Arte & ArquitecturaaFOTOGRAFIA 2Tesauro de Arte & ArquitecturaaARTE VISUAL 2Tesauro de Arte & ArquitecturaaLIBROS 2Tesauro de Arte & ArquitecturaaNOTICIAS 2 Tesauro de Arte & ArquitecturaaARTE INTERNACIONAL 2 Tesauro de Arte & ArquitecturaaESCULTURA aNavarreta, Jose Antonioeeditor